书目信息 |
| 题名: |
内部控制审计
|
|
| 作者: | 李万福 主编 | |
| 分册: | ||
| 出版信息: | 北京 北京大学出版社 2021 |
|
| 页数: | 204页 | |
| 开本: | 26cm | |
| 丛书名: | ||
| 单 册: | ||
| 中图分类: | F239.45-43 , F239.45 | |
| 科图分类: | ||
| 主题词: | 内部审计--高等学校--教材 | |
| 电子资源: | ||
| ISBN: | 978-7-301-31845-4 | |
| 000 | 01593nam0 2200289 450 | |
| 001 | 2262687605 | |
| 005 | 20220930172457.95 | |
| 010 | @a978-7-301-31845-4@dCNY42.00 | |
| 100 | @a20211013d2021 em y0chiy50 ea | |
| 101 | 0 | @achi |
| 102 | @aCN@b110000 | |
| 105 | @ay az 000yy | |
| 200 | 1 | @a内部控制审计@9nei bu kong zhi shen ji@e理论与实务@dTheory and practice of internal control auditing@f李万福主编@zeng |
| 210 | @a北京@c北京大学出版社@d2021 | |
| 215 | @a204页@d26cm | |
| 300 | @a“十三五”江苏省高等学校重点教材 高等院校经济管理类专业“互联网+”创新规划教材 | |
| 300 | @a国家自然科学基金项目 | |
| 314 | @a李万福,南京财经大学教授,会计学博士,江苏省“333高层次人才培养工程”及“青蓝工程”培养对象,2018年中国MPAcc案例大赛全国“最佳创意奖”指导老师,国家自然科学基金通讯评审专家、教育部学位办通讯评审专家、江苏省高企认定财务评审专家,曾获教育部博士研究生学术新人奖、广东省优秀博士学位论文奖、全国商务财会学术论文一等奖等奖励,发表文章多篇。 | |
| 320 | @a有书目(第200-204页) | |
| 330 | @a本书以《企业内部控制基本规范》及其配套指引和注册会计师审计准则相关规定为依据,以《企业内部控制审计指引》为主线,在全面介绍内部控制审计目标、审计方法、审计计划等内部控制审计基本概念的基础上,聚焦企业关键业务的内控审计实务流程与方法解析,注重结合近年来企业内控审计领域较为成熟的研究成果与典型案例,引导学生深入学习企业内控审计理论与实务。 | |
| 510 | 1 | @aOry and practice of internal control auditing@zeng |
| 606 | 0 | @a内部审计@x高等学校@j教材 |
| 690 | @aF239.45-43@v5 | |
| 690 | @aF239.45@v4 | |
| 701 | 0 | @a李万福@9li wan fu@4主编 |
| 801 | 0 | @aCN@b91MARC@c20211104 |
| 905 | @aZUCC@dF239.45@e23 | |
| 内部控制审计:理论与实务=Theory and practice of internal control auditing/李万福主编.-北京:北京大学出版社,2021 |
| 204页;26cm |
| “十三五”江苏省高等学校重点教材 高等院校经济管理类专业“互联网+”创新规划教材.-国家自然科学基金项目 |
| ISBN 978-7-301-31845-4:CNY42.00 |
| 本书以《企业内部控制基本规范》及其配套指引和注册会计师审计准则相关规定为依据,以《企业内部控制审计指引》为主线,在全面介绍内部控制审计目标、审计方法、审计计划等内部控制审计基本概念的基础上,聚焦企业关键业务的内控审计实务流程与方法解析,注重结合近年来企业内控审计领域较为成熟的研究成果与典型案例,引导学生深入学习企业内控审计理论与实务。 |
| ● |
| 相关链接 |
|
|
|
正题名:内部控制审计
索取号:F239.45/23
 
预约/预借
| 序号 | 登录号 | 条形码 | 馆藏地/架位号 | 状态 | 备注 |
| 1 | 2000909179 | 2000909179 | 第三书库/ [索取号:F239.45/23] | 在馆 | |
| 2 | 2000909180 | 2000909180 | 第三书库/ [索取号:F239.45/23] | 在馆 | |
| 3 | 2000909181 | 2000909181 | 第三书库/ [索取号:F239.45/23] | 在馆 |